Saving Leonardo (Record no. 11194)

MARC details
000 -LEADER
fixed length control field 00675nam a2200241 a 4500
001 - CONTROL NUMBER
control field 0001-1194
003 - CONTROL NUMBER IDENTIFIER
control field ELIB.Books
008 - FIXED-LENGTH DATA ELEMENTS--GENERAL INFORMATION
fixed length control field 150514 2010 eng
020 ## - INTERNATIONAL STANDARD BOOK NUMBER
International Standard Book Number 9781433669279
035 ## - SYSTEM CONTROL NUMBER
System control number (ELIB.Books)0001-1349
092 ## - LOCALLY ASSIGNED DEWEY CALL NUMBER (OCLC)
Classification number 301
Item number Pea
100 ## - MAIN ENTRY--PERSONAL NAME
Personal name Pearcey, Nancy
245 ## - TITLE STATEMENT
Title Saving Leonardo
Remainder of title A Call to Resist the Secular Assault on Mind, Morals, & Meaning
260 ## - PUBLICATION, DISTRIBUTION, ETC. (IMPRINT)
Place of publication, distribution, etc. Nashville
Name of publisher, distributor, etc. B & H Publishing Group
Date of publication, distribution, etc. 2010
300 ## - PHYSICAL DESCRIPTION
Extent 328
Dimensions 26.5 Cm
500 ## - GENERAL NOTE
General note KBTS: Library
650 ## - SUBJECT ADDED ENTRY--TOPICAL TERM
Topical term or geographic name as entry element Sociology & Anthropology
856 ## - ELECTRONIC LOCATION AND ACCESS
Name of location of host KBTS: Library
Uniform Resource Identifier <a href="KBTS: Elib">KBTS: Elib</a>
942 ## - ADDED ENTRY ELEMENTS (KOHA)
Source of classification or shelving scheme Dewey Decimal Classification
Koha item type Books
990 ## - EQUIVALENCES OR CROSS-REFERENCES [LOCAL, CANADA]
Link information for 9XX fields 1
998 ## - LOCAL CONTROL INFORMATION (RLIN)
Cataloger's initials, CIN (RLIN) bat
-- 2015-05-14
Holdings
Withdrawn status Lost status Source of classification or shelving scheme Damaged status Not for loan Home library Current library Date acquired Total Checkouts Barcode Date last seen Bill Date Koha item type
    Dewey Decimal Classification     Karen Baptist Theological Seminary Library Karen Baptist Theological Seminary Library 14/05/2015   15331 22/01/2022 22/01/2022 Books
Implemented & Customized by: BestBookBuddies

Powered by Koha